• 首页
  • 本馆介绍
  • 公告通知
  • 最新文献
  • 馆藏检索
  • 电子资源
  • 读者导购
  • 参考咨询
  • 我的图书馆
  • 登录
  • 详细信息显示
  • 放入我的书架
  • 预约/预借图书
  • 作者相关作品
  • 分类相关作品
  • 丛书相关作品
  • 出版社相关作品

书目信息

  • 表格格式
  • 工作单格式
  • 卡片格式
题名:
边缘区与边缘效应-一个广阔的城乡生态规划视域
    
 
作者: 邢忠 著
分册:  
出版信息: 北京   科学出版社  2007.50
页数:
开本: 16开
丛书名:
单 册:
中图分类: F321.2
科图分类:
主题词: 农业经济--中国
电子资源:
ISBN: 978-7-03-017990-6
000 00605nam0 2200181 450
001 0736196517
005 20070924100316.51
010    @a978-7-03-017990-6@d¥39.00
100    @a20070924d km y0chiy0120 ea
101 0  @achi
200 1  @a边缘区与边缘效应-一个广阔的城乡生态规划视域@Abian yuan qu yu bian yuan xiao ying-yi ge guang kuo de cheng xiang sheng tai gui hua shi yu@f邢忠 著@Fxing zhong zhu
210    @a北京@c科学出版社@d2007.50
215    @d16开
606 0  @a农业经济@x中国
690    @aF321.2@v3
701  0 @a邢忠@Axing zhong@4著
801  0 @aCN@bPFT@c20070924
905    @a213230@dF321.2@eZY118@f1
    
    边缘区与边缘效应-一个广阔的城乡生态规划视域/邢忠 著.-北京:科学出版社,2007.50
    16开
    
    
    ISBN 978-7-03-017990-6:¥39.00
    
●
相关链接 在E读中查询图书 在五车中查询图书 在当当中查询图书 在豆瓣中查询图书


正题名:边缘区与边缘效应-一个广阔的城乡生态规划视域     索取号:F321.2/ZY118         预约/预借

序号 登录号 条形码 馆藏地/架位号 状态 备注
1 7902234   279022344   密集书库-资源管理系/ [索取号:F321.2/ZY118] 在馆    
唐山师范学院图书馆 欢迎您!
大连网信软件有限公司© 版权所有